000 01216nam a2200205Ia 4500
999 _c37954
_d37954
001 3936
003 GE_BSU
005 20190912170520.0
008 181216s1969||||ge |||||||||||||| ||geo||
040 _cGE_BSU
041 _ageo
080 _a398(479.223)+821.353.1 ა–95
245 _aაჭარის ხალხური პოეზია :
_bკრებული. ნაწ. I. /
_cადგინეს, შენიშვნების, საძიებლები, სიტყვების ახსნა დაურთეს და გამოსაცემად მოამზადეს ა. ახვლედიანმა, ე. ზოიძემ, ზ. თანდილავამ და სხვ. ; ა. ინაიშვილის რედ. და შეს. წერილით.
264 _aთბ. :
_b მეცნიერება,
_c1969.
300 _a157 გვ. ;
_b21 სმ.
653 _aაჭარის ხალხური პოეზია
700 _aახვლედიანი, ა.
_eშემდგენელი
_91870
700 _aზოიძე, ე. და სხვ.
_eშემდგენელი
_93980
942 _cBK
_2udc